LIBRARY & INFORMATION CENTRE, KCAET, TAVANUR

ONLINE PUBLIC ACCESS CATALOGUE (OPAC)

Poultrty Meat Processing (Record no. 14549)

MARC details
000 -LEADER
fixed length control field 00374nam a22001577a 4500
020 ## - INTERNATIONAL STANDARD BOOK NUMBER
ISBN 9781420091892
082 ## - DEWEY DECIMAL CLASSIFICATION NUMBER
Classification number 637.1
Item number OWE/PO
245 ## - TITLE STATEMENT
Title Poultrty Meat Processing
250 ## - EDITION STATEMENT
Edition statement 2 nd
260 ## - PUBLICATION, DISTRIBUTION, ETC. (IMPRINT)
Place of publication Boca Raton
Name of publisher CRC Press
Year of publication 2010
300 ## - PHYSICAL DESCRIPTION
Number of Pages 441
700 ## - ADDED ENTRY--PERSONAL NAME
Personal name Owens,Casey M.
700 ## - ADDED ENTRY--PERSONAL NAME
Personal name Alvarado,Christine Z.
700 ## - ADDED ENTRY--PERSONAL NAME
Personal name Sams,Alan R.
942 ## - ADDED ENTRY ELEMENTS (KOHA)
Koha item type Reference
Holdings
Withdrawn status Lost status Damaged status Collection code Home library Current library Shelving location Date acquired Source of acquisition Cost, normal purchase price Full call number Accession Number Koha item type
        KAUAET KAUAET General Stacks 15/07/2016 Dream Tech, Trivandrum 7621.91 637.1 OWE/PO 24449 Books
      Reference KAUAET KAUAET Reference 20/07/2016 Dream Tech, Trivandrum 7443.39 637.1 OWE/PO 24787 Reference
free website counter